Разработка экспрессного метода определения водоотдачи глинистых буровых растворов без отбора проб; Современные техника и технологии; Т. 2

Podrobná bibliografie
Parent link:Современные техника и технологии: 12-я международная научно-практическая конференция студентов, аспирантов и молодых ученых, г. Томск, 27 марта - 31 марта 2006 г./ Томский политехнический университет.— , 2006
Т. 2.— 2006.— С. 327-329
Hlavní autor: Хайрутдинова Р. Р.
Další autoři: Ефимов П. В.
Jazyk:ruština
Vydáno: 2006
Témata:
Médium: Kapitola
KOHA link:https://koha.lib.tpu.ru/cgi-bin/koha/opac-detail.pl?biblionumber=115496

MARC

LEADER 00000naa2a2200000 4500
001 115496
005 20231031122639.0
035 |a (RuTPU)RU\TPU\book\124914 
090 |a 115496 
100 |a 20070510d2006 k y0rusy50 ca 
101 0 |a rus 
102 |a RU 
200 1 |a Разработка экспрессного метода определения водоотдачи глинистых буровых растворов без отбора проб  |f Р. Р. Хайрутдинова, П. В. Ефимов 
320 |a Библиогр.: 2 назв. 
461 1 |0 (RuTPU)RU\TPU\book\111998  |t Современные техника и технологии  |o 12-я международная научно-практическая конференция студентов, аспирантов и молодых ученых, г. Томск, 27 марта - 31 марта 2006 г.  |o труды в 2 т.  |f Томский политехнический университет  |d 2006 
463 0 |0 (RuTPU)RU\TPU\book\114157  |t Т. 2  |v С. 327-329  |d 2006  |p 518 с. 
610 1 |a экспрессный метод 
610 1 |a водоотдача 
610 1 |a буровые растворы 
610 1 |a пробы 
610 1 |a отбор 
610 1 |a труды учёных ТПУ 
700 1 |a Хайрутдинова  |b Р. Р. 
701 1 |a Ефимов  |b П. В. 
801 1 |a RU  |b 63413507  |c 20070510  |g PSBO 
801 2 |a RU  |b 63413507  |c 20141105  |g RCR 
942 |c BK